[Event "Manizales Las Americas op-C"]
[Site "Manizales"]
[Date "2021.10.18"]
[Round "8"]
[White "Montenegro, Jorge"]
[Black "Molina Soto, Yefferson"]
[Result "0-1"]
[WhiteElo "1659"]
[BlackElo "1530"]
[PlyCount "68"]
[EventDate "2021.10.14"]
[EventType "swiss"]
[EventRounds "9"]
[EventCountry "COL"]
[SourceTitle "EXT 2023"]
[Source "ChessBase"]
[SourceDate "2022.10.05"]
[SourceVersion "1"]
[SourceVersionDate "2022.10.05"]
[SourceQuality "1"]

1. e4 c6 2. d4 d5 3. Nc3 dxe4 4. Nxe4 Bf5 5. Ng3 Bg6 6. Nf3 Nf6 7. Bd3 Nbd7 8. 0-0 e6 9. Re1 Be7 10. Qe2 0-0 11. Bxg6 hxg6 12. Ne5 Rc8 13. Bg5 Nd5 14. Bxe7 Qxe7 15. Ne4 N7f6 16. c4 Nxe4 17. Qxe4 Nf6 18. Qh4 Nd5 19. Qh3 Nf4 20. Qg4 Nh5 21. Re3 Rfd8 22. Rf3 Nf6 23. Qh4 Rc7 24. Rh3 Nh5 25. Qe4 c5 26. dxc5 Qxc5 27. g3 Rd2 28. Rf1 Qd4 29. Qxd4 Rxd4 30. b3 Rd2 31. a4 Rc5 32. Re1 a5 33. g4 Nf4 34. Rf3 Rxe5 0-1

[Event "Manizales Las Americas op-C"]
[Site "Manizales"]
[Date "2021.10.17"]
[Round "7"]
[White "Molina Soto, Yefferson"]
[Black "Olier Robayo, Mishelle Dayana"]
[Result "1/2-1/2"]
[WhiteElo "1530"]
[BlackElo "1328"]
[PlyCount "37"]
[EventDate "2021.10.14"]
[EventType "swiss"]
[EventRounds "9"]
[EventCountry "COL"]
[SourceTitle "EXT 2023"]
[Source "ChessBase"]
[SourceDate "2022.10.05"]
[SourceVersion "1"]
[SourceVersionDate "2022.10.05"]
[SourceQuality "1"]

1. e4 c5 2. Nf3 e6 3. c4 Nc6 4. Nc3 a6 5. a3 Qc7 6. Be2 g6 7. d4 cxd4 8. Nxd4 Bg7 9. Be3 Nge7 10. 0-0 0-0 11. Rc1 e5 12. Nc2 d6 13. Qd2 f5 14. f3 f4 15. Bf2 Be6 16. Nd5 Qd8 17. Bb6 Qd7 18. Rfd1 Bxd5 19. cxd5 1/2-1/2

[Event "Manizales Las Americas op-C"]
[Site "Manizales"]
[Date "2021.10.17"]
[Round "6"]
[White "Rojas Mendoza, Joun Sun"]
[Black "Molina Soto, Yefferson"]
[Result "1-0"]
[WhiteElo "1664"]
[BlackElo "1530"]
[PlyCount "63"]
[EventDate "2021.10.14"]
[EventType "swiss"]
[EventRounds "9"]
[EventCountry "COL"]
[SourceTitle "EXT 2023"]
[Source "ChessBase"]
[SourceDate "2022.10.05"]
[SourceVersion "1"]
[SourceVersionDate "2022.10.05"]
[SourceQuality "1"]

1. d4 c6 2. Bf4 d5 3. e3 Bf5 4. Nd2 e6 5. Ngf3 Nf6 6. Be2 Be7 7. Nh4 Bg6 8. Nxg6 hxg6 9. 0-0 Bd6 10. c4 Bxf4 11. exf4 dxc4 12. Nxc4 Nd5 13. g3 Nxf4 14. Qd2 Nxe2+ 15. Qxe2 0-0 16. Rad1 Na6 17. a3 Nc7 18. h4 Nb5 19. Qe3 Qd5 20. Ne5 Rfd8 21. Qf4 Rf8 22. a4 Nd6 23. g4 Qe4 24. Qg3 Qd5 25. Rd3 Nc4 26. b3 Nxe5 27. dxe5 Qa5 28. Rd7 Rfd8 29. Rfd1 Rxd7 30. Rxd7 Rd8 31. b4 Qb6 32. a5 1-0

[Event "COL sub zt 2.3.4"]
[Site "La Dorada"]
[Date "2016.11.07"]
[Round "9"]
[White "Medina Coneo, Arlintong"]
[Black "Molina Soto, Yefferson"]
[Result "1-0"]
[WhiteElo "1728"]
[BlackElo "1454"]
[PlyCount "59"]
[EventDate "2016.11.02"]
[EventType "swiss"]
[EventRounds "9"]
[EventCountry "COL"]
[SourceTitle "CBM 175 Extra"]
[Source "ChessBase"]
[SourceDate "2016.12.12"]
[SourceVersion "1"]
[SourceVersionDate "2016.12.12"]
[SourceQuality "1"]

1. c4 c6 2. d4 d5 3. Nc3 Nf6 4. Nf3 e6 5. cxd5 exd5 6. Bg5 Be7 7. Qc2 h6 8. Bh4 Bg4 9. h3 Bh5 10. Ne5 Nbd7 11. g4 Nxe5 12. dxe5 Bg6 13. Qd2 Ne4 14. Nxe4 Bxe4 15. Bxe7 Qxe7 16. f3 Bh7 17. f4 f6 18. exf6 Qxf6 19. Bg2 0-0-0 20. 0-0 Rde8 21. f5 Rhf8 22. b4 a6 23. a4 Qe5 24. e4 dxe4 25. b5 axb5 26. axb5 Qxb5 27. Qd6 b6 28. Rfc1 c5 29. Bf1 c4 30. Rxc4+ 1-0

[Event "COL sub zt 2.3.4"]
[Site "La Dorada"]
[Date "2016.11.03"]
[Round "2"]
[White "Pineda, Paul"]
[Black "Molina Soto, Yefferson"]
[Result "1/2-1/2"]
[WhiteElo "1904"]
[BlackElo "1454"]
[PlyCount "111"]
[EventDate "2016.11.02"]
[EventType "swiss"]
[EventRounds "9"]
[EventCountry "COL"]
[SourceTitle "CBM 175 Extra"]
[Source "ChessBase"]
[SourceDate "2016.12.12"]
[SourceVersion "1"]
[SourceVersionDate "2016.12.12"]
[SourceQuality "1"]

1. d4 d5 2. Bf4 Nf6 3. e3 c6 4. Nd2 e6 5. c3 Be7 6. h3 Nbd7 7. Ngf3 h6 8. Bd3 a6 9. a4 c5 10. 0-0 0-0 11. Bh2 Qb6 12. b3 Qc6 13. Qc2 b6 14. Rfe1 Bb7 15. e4 dxe4 16. Nxe4 Nd5 17. Bf1 N7f6 18. Ne5 Qc8 19. Nxf6+ Nxf6 20. Rac1 Rd8 21. dxc5 Bxc5 22. b4 Be7 23. Bc4 Bd5 24. Bd3 Qb7 25. f3 Rac8 26. Qe2 Ra8 27. c4 Bc6 28. b5 Be8 29. Ng4 Nxg4 30. hxg4 Bc5+ 31. Kh1 Qe7 32. g3 axb5 33. axb5 Ra3 34. Be4 Re3 35. Qc2 Qg5 36. Rxe3 Qxe3 37. Bg1 Qg5 38. Rd1 Bxg1 39. Rxd8 Qxd8 40. Kxg1 Qd4+ 41. Kg2 Qd6 42. Qe2 Qc5 43. Bd3 g6 44. Qe4 Bd7 45. f4 Qd6 46. Qe3 Kh7 47. Kf2 f5 48. gxf5 gxf5 49. g4 Kg6 50. Qg3 Qd4+ 51. Kg2 Kf6 52. gxf5 exf5 53. Be2 Qe4+ 54. Kf2 Qd4+ 55. Kg2 Qe4+ 56. Kf2 1/2-1/2